Consumo responsable (Registro nro. 17841)

Detalles MARC
000 -LEADER
fixed length control field 00412 a2200133 4500
001 - CONTROL NUMBER
control field ART_46035
005 - DATE AND TIME OF LATEST TRANSACTION
control field 20260410161731.0
008 - FIXED-LENGTH DATA ELEMENTS--GENERAL INFORMATION
fixed length control field 260409a
100 1# - MAIN ENTRY--PERSONAL NAME
Personal name Bianchi, Enrique Carlos
245 10 - TITLE STATEMENT
Title Consumo responsable
700 1# - ADDED ENTRY--PERSONAL NAME
Personal name Ferreyra, Silvina
700 1# - ADDED ENTRY--PERSONAL NAME
Personal name Kosiak de Gesualdo, Graciela
773 0# - HOST ITEM ENTRY
Title Escritos contables y de administración
Related parts - Vol. 4, Nº1 (ene./jun. 2013)
Record control number REV2758

No hay ítems disponibles.